000 00214 a2200097 4500
001 57437
100 _a
245 _abook of airsports
260 _aLondon
_bB T Batsford Ltd
_c1978
090 _c35168
_d35168
942 _aNUST-CAE
_cMONOGRAPH
_c27967
999 _c292510
_d292510